| 000 | 00650nam a2200229Ia 4500 | ||
|---|---|---|---|
| 003 | OSt | ||
| 005 | 20230403091113.0 | ||
| 008 | 210423s2005 xx 000 0 und d | ||
| 020 | _a8122901913 | ||
| 040 | _cAL | ||
| 041 | _aeng | ||
| 082 |
_a302.23 BOOK _223 |
||
| 100 |
_aBOONE (Kristina);others _941305 |
||
| 245 | _aAgricultural communications: changes and challenges | ||
| 260 |
_aNew Delhi _bSurjeeth Publications _c2005 |
||
| 300 |
_aix,134 _bPB |
||
| 365 |
_b195 _cINR |
||
| 650 |
_aSocial Interaction _941306 |
||
| 650 |
_aSocial Sciences _941307 |
||
| 906 | _aAgricultural ; challenges ; changes ; communications: | ||
| 942 |
_2ddc _cBK |
||
| 999 |
_c155521 _d155521 |
||